|
|
|
|
| LEADER |
00000cam a2200000Mu 4500 |
| 001 |
EBOOKCENTRAL_on1202451179 |
| 003 |
OCoLC |
| 005 |
20240329122006.0 |
| 006 |
m o d |
| 007 |
cr ||||||||||| |
| 008 |
201031s2020 gau o ||| 0 eng d |
| 040 |
|
|
|a EBLCP
|b eng
|c EBLCP
|d LOA
|d OCLCO
|d OCLCF
|d OCLCQ
|d OCLCO
|d OCLCL
|
| 019 |
|
|
|a 1202463418
|
| 020 |
|
|
|a 9780884144588
|
| 020 |
|
|
|a 0884144585
|
| 035 |
|
|
|a (OCoLC)1202451179
|z (OCoLC)1202463418
|
| 050 |
|
4 |
|a BS1830
|
| 082 |
0 |
4 |
|a 229.911
|2 23
|
| 049 |
|
|
|a UAMI
|
| 100 |
1 |
|
|a Ahearne-Kroll, Patricia D.
|
| 245 |
1 |
0 |
|a Aseneth of Egypt
|h [electronic resource] :
|b The Composition of a Jewish Narrative.
|
| 260 |
|
|
|a Atlanta :
|b Society of Biblical Literature,
|c 2020.
|
| 300 |
|
|
|a 1 online resource (303 p.).
|
| 490 |
1 |
|
|a Early Judaism and Its LIterature Ser. ;
|v v.53
|
| 500 |
|
|
|a Description based upon print version of record.
|
| 505 |
0 |
|
|a Cover -- Contents -- Acknowledgments -- Abbreviations -- Introduction -- The Reconstructed Texts of Aseneth and Their Limitations: The Analysis of Standhartinger and Kraemer -- The Reconstructed Texts of Aseneth and Their Limitations: The Texts of Burchard and Fink -- The Fabula of Aseneth -- Aseneth and the Landscape of Ptolemaic and Early Roman Egypt -- Conclusion -- Bibliography -- Ancient Sources Index -- Greek Words Index -- Subject Index -- Modern Authors Index
|
| 590 |
|
|
|a ProQuest Ebook Central
|b Ebook Central Academic Complete
|
| 630 |
0 |
0 |
|a Joseph and Aseneth
|x Criticism, interpretation, etc.
|
| 630 |
0 |
7 |
|a Joseph and Aseneth
|2 fast
|
| 655 |
|
7 |
|a Criticism, interpretation, etc.
|2 fast
|
| 758 |
|
|
|i has work:
|a Aseneth of Egypt (Text)
|1 https://id.oclc.org/worldcat/entity/E39PCGfWVK8FkhcrHjqqQ4gBj3
|4 https://id.oclc.org/worldcat/ontology/hasWork
|
| 776 |
0 |
8 |
|i Print version:
|a Ahearne-Kroll, Patricia D.
|t Aseneth of Egypt : The Composition of a Jewish Narrative
|d Atlanta : Society of Biblical Literature,c2020
|z 9780884144571
|
| 830 |
|
0 |
|a Early Judaism and Its LIterature Ser.
|
| 856 |
4 |
0 |
|u https://ebookcentral.uam.elogim.com/lib/uam-ebooks/detail.action?docID=6362290
|z Texto completo
|
| 938 |
|
|
|a ProQuest Ebook Central
|b EBLB
|n EBL6362290
|
| 994 |
|
|
|a 92
|b IZTAP
|